| 000 | 00475nam a2200157Ia 4500 | ||
|---|---|---|---|
| 008 | 210716s2016 xx 000 0 und d | ||
| 020 | _a9788120351875 | ||
| 041 | _aeng | ||
| 082 | _a658.802 WEBJ | ||
| 100 | _aWebster, James G. | ||
| 245 |
_aMarketplace of attention: how audiences take shape in a digital age. _bHow audiences take shape in a digital age. |
||
| 250 | _a1 | ||
| 260 |
_aNew Delhi _bPHI Learning Pvt Ltd _c2016 |
||
| 300 | _aviii,268 | ||
| 650 | _aMarketing | ||
| 999 |
_c209823 _d209823 |
||